Química

Gespeichert in:
Bibliographische Detailangaben
1. Verfasser: Chang, Raymond (VerfasserIn)
Format: Buch
Sprache:Spanisch
Veröffentlicht: Ciudad de México McGraw-Hill 1992
Schlagworte:
Tags: Tag hinzufügen
Keine Tags, Fügen Sie den ersten Tag hinzu!

MARC

LEADER 00000nam a2200000 a 4500
001 UCY2943
003 CL-VaPUC
005 20241205124511.0
008 941130e19920000MX |||||||||||||||||spa|d
999 |c 231209  |d 231207 
040 |c Pontificia Universidad Católica de Valparaíso 
082 0 4 |a 540  |b CHA  |2 21 
100 0 |a Chang, Raymond  |e author  |9 331116 
245 1 0 |a Química 
260 |a Ciudad de México  |b McGraw-Hill  |c 1992 
300 |a 1064 p 
583 |a last modification  |c 20171031 11:00:07  |k Rodrigo Vera 
650 0 |a Química  |x Teoría atómica  |9 259896 
650 0 |a Termodinámica  |9 892164 
650 0 |a Cinética química  |9 344779 
650 0 |a Química nuclear  |9 892165 
650 0 |a Química orgánica  |x Polímeros  |x Proteínas  |9 892147 
942 |c BK  |2 ddc 
945 |d 19941130 00:00:00  |a mfernand 
952 |0 0  |1 0  |4 0  |6 540_000000000000000_CHA_1992  |7 0  |8 A  |9 234140  |a BIBING  |b BIBING  |d 2019-11-15  |i 3334589  |l 1  |o 540 CHA 1992  |p 3334589  |r 2025-01-20  |s 2022-08-17  |w 2019-11-15  |y BK  |k ING 
952 |0 0  |1 0  |4 0  |6 540_000000000000000_CHA_1992  |7 0  |8 A  |9 234143  |a BIBING  |b BIBING  |d 2019-11-15  |i 3334651  |l 1  |o 540 CHA 1992  |p 3334651  |r 2025-01-20  |s 2022-06-17  |w 2019-11-15  |y BK  |k ING 
952 |0 0  |1 0  |4 0  |6 540_000000000000000_CHA_1992  |7 0  |8 A  |9 234144  |a BIBING  |b BIBING  |d 2019-11-15  |i 333466K  |l 2  |o 540 CHA 1992  |p 333466K  |r 2025-01-20  |s 2022-06-28  |w 2019-11-15  |y BK  |k ING 
952 |0 0  |1 0  |4 0  |6 540_000000000000000_CHA_1992  |7 0  |8 A  |9 234148  |a BIBING  |b BIBING  |d 2019-11-15  |i 3334708  |o 540 CHA 1992  |p 3334708  |r 2025-01-20  |w 2019-11-15  |y BK  |k ING 
952 |0 0  |1 0  |4 0  |6 540_000000000000000_CHA_1992  |7 0  |8 A  |9 234151  |a BIBING  |b BIBING  |d 2019-11-15  |i 3346811  |l 1  |m 2  |o 540 CHA 1992  |p 3346811  |r 2025-01-20  |s 2023-05-26  |w 2019-11-15  |y BK  |k ING